1699 1965 1134 1241 1835 1200 1114 1575 1923 1571 1937 1751 1046 1226 1210 1110 1383 1500 1260 1877 1514 1808 1362 1919 1974 1003 1884 1637 1753 1052 1456 1873 1238 1356 1114 1594 1310 1257 1784 1957 1664 1666 1714 1479 1165 1429 1695 1460 1675 1431 1049 1418 1427 1031 1850 1968 1948 1062 1937 1127 1072 1723 1859 1700 1999 1322 1156 1408 1415 1794 1426 1779 1395 1034 1381 1433 1719 1221 1338 1110 1053 1385 1173 1794 1232 1853 1349 1031 1472 1075 1228 1307 1664 1524 1450 1339 1067 1714 1518 BCNSPRNW ULIB Ver.6.0+V

เปลี่ยนเป็นภาษาไทย

Change to English
 แสดงรายละเอียดบรรณานุกรม
  กลับหน้าหลัก

Brief Record : Get Marc (ISO 2709) : E-mail record : QR code < ปิดหน้าต่าง
LEADER : 00000nam 2200000uu 4500
001    13399110582
003     ULIB
008    110603s2551||||th 000 0 tha d
020    9789741149492
060  4 WQ209^bจ394ค 2551
245 00 คลื่นเสียงความถี่สูงทางสูติศาสตร์และนรีเวชวิทยา /^cจิตเกษม สุวรรณรัฐ,บรรณาธิการ.
250    พิมพ์ครั้งที่1.
260    สงขลา :^bชานเมืองการพิมพ์,^c2551.
300    167 หน้า :^bภาพประกอบ ;^c26 ซม.
650  2 Pregnancy Complications.
650  2 Ultrasonography, Prenetal.
700 0  จิตเกษม สุวรรณรัฐ,^eบรรณาธิการ.
710 2  มหาวิทยาลัยสงขลานครินทร์.^bคณะแพทยศาสตร์.^bภาควิชาสูติศาสตร์และนรีเวชวิทยา.^bหน่วยเวชศาสตร์มารดาและทารกในครรภ์.
945    ^p320^l0^i024077
945    ^p320^l0^i023765
945    ^p320^l0^i023764
945    ^p320^l0^i023763
995    ทศพร
999 ^a ใช้งานได้ทุกระบบ
รายการนี้ยังไม่มีแท็ก
คุณยังไม่ได้ล็อกอิน คุณสามารถมีกิจกรรมร่วมกับเว็บไซต์ได้ แต่ต้องล็อกอินก่อน ::
  ล็อกอิน

รายการสื่อสารสนเทศ

ลำดับที่ ประเภท เลขเรียก/บาร์โค้ด สถานที่ สถานะ
- ไม่พบข้อมูล -

รายการใกล้เคียง
    หัวเรื่อง [Pregnancy Complications.]
    หัวเรื่อง [Ultrasonography, Prenetal.]

BibComment


ยังไม่เคยถูกคอมเมนท์

คอมเมนท์ทรัพยากรรายการนี้
  คอมเมนท์: คลื่นเสียงความถี่..


 Copyright 2026. Bcnsprnw @Library